000 00231nam a22000857a 4500
008 161124b xxu||||| |||| 00| 0 eng d
100 _91400
_ayoung Learners
245 _aA Lice in wonder Land
260 _aNew delhi
_byoung Learners
_c2011
999 _c4117
_d4117